000
00377nam a2200133Ia 4500
008
100328s9999 xx 000 0 und d
082
_b
51442
100
_a
भावे राम
245
_a
बहुरुपी वामन
260
_b
पुष्प
630
_a
बहुरुपी वामन
730
_a
बहुरुपी वामन
942
_c
BOOK
999
_c
538388
_d
538385